اكتمل التصدير — 

"Textaufgaben" : kulturwissenschaftliche Konzepte in Anwendung auf die Literatur der Ramessidenzeit /

محفوظ في:

المؤلف الرئيسي: Simon, Henrike (مؤلف)

التنسيق: كتاب

اللغة: German

منشور في: Hamburg : Helmut Buske Verlag, [2013].

سلاسل: Studien zur altagyptischen Kultur. Beihefte ; 14.
SAK (Beihefte) ; 14.

الموضوعات:

الوسوم: إضافة وسم

لا توجد وسوم, كن أول من يضع وسما على هذه التسجيلة!

رقم الطلب: DT57 .S925 v.14

LEADER 00996namaa2200277 4500
003 OSt
005 20260422110803.0
008 130303t20132013gw af b 001 0 ger d
020 |a 9783875486698 
040 |c ARCE Library 
050 4 |a DT57 .S925 v.14 
100 1 |a Simon, Henrike,  |e author 
245 1 0 |a "Textaufgaben" :  |b kulturwissenschaftliche Konzepte in Anwendung auf die Literatur der Ramessidenzeit /  |c Henrike Simon. 
264 1 |a Hamburg :  |b Helmut Buske Verlag,  |c [2013]. 
264 4 |c ©2013. 
300 |a vii, 424 pages, 3 pages of plates :  |b illustrations ;  |c 28 cm. 
490 1 |a Studien zur altagyptischen Kultur. Beihefte ;   |v 14. 
490 1 |a SAK (Beihefte) ;   |v 14. 
504 |a Includes bibliographical references and index. 
650 0 |a Egyptian literature  |x History and criticism. 
650 0 |a Egyptian Language. 
830 0 |a Studien zur altagyptischen Kultur. Beihefte ;   |v 14. 
830 0 |a SAK (Beihefte) ;   |v 14. 
901 |a reviewed 
942 |c BK  |2 lcc 
999 |c 8777  |d 8777